| 000 | 00759nam a22002055i 4500 | ||
|---|---|---|---|
| 001 | 155652 | ||
| 003 | ES-MaACL | ||
| 005 | 20250804062750.0 | ||
| 008 | 040726s1864 fr |||| | fre d | ||
| 040 |
_aCAM _bspa _cCAM |
||
| 100 | 1 |
_aHuet, François. _9128073 |
|
| 245 | 1 | 3 |
_aLa science de l'esprit _b: principes généraux de philosophie pure et appliquée / _cpar F. Huet. |
| 260 |
_aParis : _bF. Chamerot libraire-éditeur ; _aBruxelles : _bOffice de Publicité, _c1864 ( _eParis : _fImprimerie de E. Martinet) |
||
| 300 |
_a2 v. (XII, 539; 456 p.) ; _c22 cm. |
||
| 650 | 7 |
_aFilosofía _2embne _912802 |
|
| 752 |
_aFrancia - _dParís |
||
| 752 |
_aBélgica - _dBruselas |
||
| 852 |
_aES-MaACL _jG-9382-9383 _z-- Enc. hol. |
||
| 999 |
_c155652 _d155652 |
||